Dragon ball Quiz - Statystyki

Ogólne statystyki
  • Ten quiz został rozwiązany 358 razy
  • Średni wynik to 9 z 15
Statystyki odpowiedzi
Zagadnienie Odpowiedź % Poprawnych
W jakiej sądzę Vegeta użył SSJ3? Nigdy nie pokazał nam się w SSJ3
81%
Kogo z tych postaci nie zabił Vegeta? Frieza
80%
Kogo Cell pochłonął jako pierwszego? C17
78%
Jaka jest najmocniejsza forma Friezy? Czarna
71%
Kto jako jedyny zabił Boskiego Smoka Shenrona? Piccolo Daimaō
71%
Jak ma na imię brat Vegety? Tarble
69%
Odpowiednikiem Broliego z 6 wszechświata jest? Kale
66%
Kto wygrał Turniej 6v7 Wszechświat Monaka
62%
Które wszechświaty nie walczyły na turnieju mocy? 1,5,8,12
54%
Ile razy Krillin zginął? (KANON) 4
52%
Najmłodszych Super Sayanem jest? (KANON) Goten
52%
Ile transformacji posiada Goku? (Kaio-Ken się wlicza) (KANON) 10
31%
Jak ma na imię siostra Bulmy? Tights
31%
Muten Roshi wręczył naszym bohaterom w klasycznym Dragon ballu ilu gwiazdkową kule? 3
30%
Ile smoków spełniających życzenia widzieliśmy? (KANON) 4
29%
Nie znaleziono quizów pasujących do podanych kryteriów
Rozkład punktacji
Procent ludzi z każdym wynikiem
Percentyl według liczby udzielonych odpowiedzi
Twoja historia wyników
Nie rozwiązałeś tego quizu